000 00647nam a22001577a 4500
008 170309b xxu||||| |||| 00| 0 eng d
082 _22016
_aUT 0714
_bC23
100 _919275
_aCarreon, Ian Joseph Anthony B.
245 _aFactors that Influence Students in Failing Mathematics: the Case of Digos City National High School.
_cIan Joseph Anthony B. Carreon, Louela P. Layola and Cherry Mae Bosio.
300 _a75 pages;
_b29 cm.
650 0 _919276
_aEducation
_vMathematics
_xUndergraduate Thesis.
700 _919277
_aCarreon, Ian Joseph Anthony B.
700 _919278
_aLayola, Louela P.
700 _919279
_aBosio, Cherry Mae.
942 _2ddc
_cUT
999 _c6391
_d6391